| 000 | 00545nam a2200193Ia 4500 | ||
|---|---|---|---|
| 003 | IN-BaIIA | ||
| 008 | 211028s9999 xx 000 0 eng d | ||
| 040 | _cIIA Library | ||
| 080 |
_a523.34 _bBRO |
||
| 100 |
_aBrown, Ernest W. _91360 |
||
| 245 | 3 |
_aAn introductory treatise on the lunar theory _cErnest W. Brown |
|
| 260 |
_aNew York _bDover Publications _c1960 |
||
| 300 | _axvi, 292p. | ||
| 490 | _aDover books on science | ||
| 650 | _aAstronomy and astrophysics thesaurus | ||
| 650 |
_aLunar theory _9694 |
||
| 650 | _aMoon | ||
| 942 | _cBK | ||
| 999 |
_c3198 _d3198 |
||